| 000 | 00788nam a2200253 a 4500 | ||
|---|---|---|---|
| 001 | 23736 | ||
| 003 | BD-RjUL | ||
| 005 | 20211209000951.0 | ||
| 008 | 140311s1953 enkafec 000 0beng d | ||
| 035 | _a(BD-RjUL)23801 | ||
| 040 |
_aBD-RjUL _beng _cBD-RjUL _dBD-RjUL |
||
| 041 | _aeng | ||
| 082 |
_a920 _bSUS 1953 |
||
| 100 | 1 |
_aSummerson, John, _d1904-1992 _951568 |
|
| 245 | 1 | 0 |
_aSir Christopher Wren / _cby John Summerson |
| 260 |
_aLondon : _bCollins, _c1953. |
||
| 300 |
_a159 p. : _bill. (plates, port., plans) ; _c19 cm |
||
| 600 | 1 | 0 |
_aWren, Christopher, _cSir, _d1632-1723. _973090 |
| 650 | 0 |
_aArchitects _zEngland _vBiography _973091 |
|
| 650 | 0 |
_aArchitecture _zEngland _xHistory _y17th century _973092 |
|
| 830 | 0 |
_v9 _973098 |
|
| 830 | 0 |
_aBrief lives ; _973094 |
|
| 942 |
_2ddc _cBK |
||
| 999 |
_c23736 _d23736 |
||